000 00749nam a2200265Ia 4500
003 OSt
005 20220918163433.0
006 a|||||r|||| 00| 0
007 ta
008 220917b |||||||| |||| 00| 0 eng d
020 _a0 85478 194 3
024 _a30,558
037 _cTextual
040 _aARTS
_cARTS
_beng
041 _2eng
_aeng
082 _aO111,3:g(Y:45), L9
100 _aBlair John G
_913165
245 0 _aConfidence man in modern fiction
_b a Rogue's gallery with six portaits
260 _aLondon
_bVision UK
_c1979
300 _a142p.
_ccm.
490 _aA Vision critical study
650 _aENGLISH LITERATURE
942 _hO111,3:g(Y:45), L9
_cTEXL
_2CC
999 _c119614
_d119614